| 000 | 00521nam a2200205Ia 4500 | ||
|---|---|---|---|
| 003 | GCL | ||
| 008 | 140319s9999 xx 000 0 eng d | ||
| 040 |
_aGCL / _cGCL |
||
| 082 | 0 | 4 |
_a808.2 _bS I |
| 100 | 1 | _aCOCTEAU, JEAN | |
| 245 | 1 | 0 |
_aINTERNATIONAL MODERN PLAYS / _cCOCTEAU, JEAN |
| 700 | 1 | _aSTRINDBERG, AUGUST | |
| 700 | 1 | _aHAUPTMANN, GERHART | |
| 260 |
_a[S.N] : _bJ.M DENT & SONS LTD ، _c1961 |
||
| 300 | _a304 P | ||
| 650 | 0 | 4 | _aTHEATER |
| 650 | 0 | 4 | _aDRAMA |
| 650 | 0 | 4 | _aEUROPEAN THEATRE |
| 942 |
_2ddc _cBK |
||
| 999 |
_c11878 _d11878 |
||